Responses for Show #4249 - Thursday, February 6, 2003

2003 Teen Tournament quarterfinal game 4.

Contestants

[<< previous game]

Shuyu Wang, a junior from Okemos, Michigan

Ben Swartz, a senior from Manassas, Virginia

Jonathan Gillerman, a senior from Staten Island, New York

[next game >>]

Jeopardy! Round responses

BODIES OF WATER
NURSING
CHOOSE YOUR WEAPON
ACTRESS/SINGER
ANDREW JOHNSON
MISSING VOWELS
(Alex: There are missing vowels; we will give you some consonants and you have to give us the full word as the correct response.)
    $200 2
Nile

Jonathan
    $200 21
chart

Triple Stumper
    $200 9
tank

Ben
    $200 1
Jennifer Love Hewitt

Shuyu
    $200 16
Abraham Lincoln

Shuyu
    $200 26
October

Shuyu
    $400 4
Gulf of Mexico

Triple Stumper
    $400 22
walker

Ben
    $400 10
machine gun

Ben
    $400 3
Felicity

Shuyu
    $400 17
impeached

Jonathan
    $400 27
bikini

Ben
    $600 5
Ganges

Shuyu
    $600 23
(3 of) temperature, pulse, blood pressure & respiration

Triple Stumper
    $600 11
(Ben: What is a missile?)
(Alex: Be more specific.)
(Ben: Guided missile?)
(Alex: Be more specific.)
(Ben: Radar?)
(Alex: Nope.)

surface-to-air missile

JonathanBen
    $600 8
Jamie-Lynn Sigler

Triple Stumper
    $600 18
reading, writing & arithmetic

Ben
    $600 28
armadillo

Ben
    $1,200 6
Arctic

Shuyu
    $800 24
(Ben: What are nurse-obstetricians?)
...
(Alex: Less than a minute to go now.)

nurse-midwives

Ben
Triple Stumper
    $800 12
(Ben: What is a catapult?)

crossbow

Ben
Triple Stumper
    $800 14
Paulina Rubio

Triple Stumper
    $800 19
Tennessee

Jonathan
    $800 29
Idaho

Triple Stumper
    $1000 7
Lake Superior

Ben
    $1000 25
IV

Ben
    $1000 13
(Shuyu: What is a paradox?)

pun

Shuyu
Triple Stumper
    $1000 15
Tia Carrere

Triple Stumper
    $1000 20
William Seward

Ben
    $1000 30
iodine

Triple Stumper

Scores at the first commercial break (after clue 15):

Jonathan Ben Shuyu
$800 $200 $1,400

Scores at the end of the Jeopardy! Round:

Jonathan Ben Shuyu
$2,000 $3,400 $1,800

Double Jeopardy! Round responses

EXPLORERS
50 YEARS OF TV
PAINTERS
TASTE TREATS?
(Alex: Hmmm... maybe not!)
AUSTEN POWERS
JA! BABY!
    $400 10
Vasco de Balboa

Shuyu
    $400 4
Super Bowl XXXVI

Ben
    $400 3
"The Last Supper"

Jonathan
    $400 18
Baskin-Robbins

Jonathan
    $400 1
"Emma"

Shuyu
    $400 23
Good Morning!

Ben
    $800 11
(Ben: Who is Marco Polo?)

Vasco da Gama

BenShuyu
    $800 5
Ferris Bueller

Triple Stumper
    $800 6
(Ben: What is Starry, Starry Night?)
...
(Alex: "Starry, Starry Night" was the lyrics to that song.)

Starry Night

BenShuyu
    $800 19
SpaghettiO's

Shuyu
    $800 2
(Shuyu: Because he's not rich enough.)
...
(Alex: You didn't phrase it in the form of a question , and in the Double Jeopardy! Round, we have to rule against you.)

he doesn't have enough money

BenShuyu
    $800 24
15

Ben
    $3,800 12
Abel Tasman (Tasmania)

Shuyu
    $1200 28
The Beverly Hillbillies

Ben
    $1200 15
"The Last Judgment"

Triple Stumper
    $1200 20
crickets

Jonathan
    $1200 7
Bath

Shuyu
    $1200 25
Hungary

Jonathan
    $1600 13
La Salle

Shuyu
    $5,000 29
MSNBC

Ben
    $1600 16
"American Gothic"

Ben
    $1600 21
eels

Ben
    $1600 8
"Sense and Sensibility"

Shuyu
    $1600 26
(Ben: What is cappuccino?)

decaffeinated coffee

Ben
Triple Stumper
    $2000 14
Ponce de Leon

Triple Stumper
    $2000 30
(Jonathan: What is "My Little Princess?")

"Princess"

Jonathan
    $2000 17
Quakers (Society of Friends)

Triple Stumper
    $2000 22
Nairobi

Shuyu
    $2000 9
(Alex: You're obviously a fan of Jane Austen; well done!)

"Mansfield Park"

Shuyu
    $2000 27
umlaut

Ben

Scores at the end of the Double Jeopardy! Round:

Jonathan Ben Shuyu
$7,200 $14,000 $16,400

Final Jeopardy! Round responses

HISTORIC AMERICAN PLACES
JonathanWhat is Arlington National Cemetery
$7,000
BenWhat is Arlington Cemetary?
$14,000
ShuyuWhat is Arlington cemetery?
$5,000
Arlington National Cemetery

Final scores:

Jonathan Ben Shuyu
$14,200 $28,000 $21,400
3rd place: $2,500 if eliminated Automatic semifinalist 2nd place: $2,500 if eliminated

Game dynamics:

Coryat scores:

Jonathan Ben Shuyu
$7,200 $10,600 $13,400
9 R,
0 W
18 R
(including 1 DD),
6 W
17 R
(including 2 DDs),
2 W

Combined Coryat: $31,200

[game clues] [game scores] [suggest correction]

Game tape date: 2002-12-16
The J! Archive is created by fans, for fans. Scraping, republication, monetization, and malicious use prohibited; this site may use cookies and collect identifying information. See terms. The Jeopardy! game show and all elements thereof, including but not limited to copyright and trademark thereto, are the property of Jeopardy Productions, Inc. and are protected under law. This website is not affiliated with, sponsored by, or operated by Jeopardy Productions, Inc. Join the discussion at JBoard.tv.